| 000 | 01591nam a2200409 c 4500 | ||
|---|---|---|---|
| 001 | 3803 | ||
| 003 | ES-MaCES | ||
| 005 | 20141221121700.0 | ||
| 008 | 960122s1995 sp ||| | spa d | ||
| 035 | _aCES19980038315m | ||
| 040 |
_aES-MaCES _bspa _cES-MaCES |
||
| 100 | 1 |
_aGarcía, Miguel Ángel _912749 |
|
| 245 | 1 | 0 |
_aSituación económica española y política presupuestaria para 1996 _b: análisis del Proyecto de PGE96 presentado por el Gobierno : prórroga y normátiva adicional (Real Decreto) _c[elaboración, Miguel Angel García] |
| 260 |
_a[Madrid] _bGabinete Técnico Confederal de CC.OO. _c1995 |
||
| 300 |
_a78 p. _c30 cm |
||
| 490 | 1 |
_aDocumento de trabajo _v35 |
|
| 500 | _aEn la cub., además: La política presupuestaria en 1996 | ||
| 541 | _cGratuito | ||
| 650 | 4 |
_apresupuesto nacional _928073 |
|
| 650 | 4 |
_arecursos presupuestarios _928071 |
|
| 650 | 4 |
_aelaboración del presupuesto _928277 |
|
| 650 | 4 |
_adistribución del ingreso _927109 |
|
| 650 | 4 |
_agasto público _928076 |
|
| 650 | 4 |
_adéficit _928134 |
|
| 650 | 4 |
_aasignación de recursos _927024 |
|
| 650 | 4 |
_acondiciones económicas _927081 |
|
| 650 | 4 |
_aEspaña _926964 |
|
| 650 | 4 |
_a1995-1996 _931064 |
|
| 650 | 4 |
_acuadros estadísticos _928890 |
|
| 650 | 4 |
_ainforme _928986 |
|
| 653 | 1 | 0 | _aHacienda Pública |
| 710 | 1 |
_aComisiones Obreras _bGabinete Técnico Confederal _eed. _92136 |
|
| 830 | 0 |
_aDocumento de trabajo (Comisiones Obreras. Gabinete Técnico Confederal) _v35 _932634 |
|
| 902 | _aDOC Literatura gris | ||
| 942 |
_2CES _cBK _h0.1. |
||
| 999 |
_c3803 _d3803 |
||